[Event "IECG C1.1999.0.00240"]
[Site "IECG email"]
[Date "1999.??.??"]
[Round "?"]
[White "Keillor, Jason"]
[Black "Levantovsky, George"]
[Result "1-0"]
[WhiteElo "1900"]
[BlackElo "1927"]
[PlyCount "37"]
[EventDate "1999.10.19"]
[EventType "tourn (corr)"]
[EventRounds "6"]
[SourceTitle "Corr 2008"]
[Source "ChessBase"]
[SourceDate "2008.06.24"]
[SourceVersion "1"]
[SourceVersionDate "2008.06.24"]
[SourceQuality "1"]

1. d4 d5 2. c4 e6 3. Nf3 Nf6 4. Nc3 c6 5. e3 c5 6. cxd5 Nxd5 7. Bd2 cxd4 8. Nxd4 Bb4 9. Bb5+ Bd7 10. Nxd5 Bxd2+ 11. Qxd2 exd5 12. Rc1 0-0 13. 0-0 Qb6 14. a4 a6 15. a5 Qd6 16. Bxd7 Nxd7 17. Nf5 Qe5 18. Qxd5 Rfd8 19. e4 1-0